Responses for Show #5792 - Tuesday, November 17, 2009

Contestants

[<< previous game]

Magdalen Powers, a writer/teacher/editor from Salem, Oregon

Røb Severson, a custodial facilitator from St. Louis, Missouri

Chris Rodrigues, a personal banking representative from New Bedford, Massachusetts (whose 2-day cash winnings total $22,798)

[next game >>]

Jeopardy! Round responses

FICTIONAL CHARACTERS
40 YEARS OF SESAME STREET
(Alex: It debuted in November of 1969.)
FIRST NAMES
MISSING LINKS
DRIVING ALONG
THE INTESTATE
    $200 1
Gatsby

Røb
    $200 29
Jim Henson

Chris
    $200 16
(Magdalen: What is James?)

William

ChrisMagdalen
    $200 13
red

Røb
    $200 8
Montana

Røb
    $200 24
Abraham Lincoln

Chris
    $1,000 2
(Alex: Sherlock Holmes' friend.)

Dr. Watson

Røb
    $400 30
(Alex: I love [*].)

Elmo

Røb
    $400 17
Richard

Chris
    $400 15
wolf

Triple Stumper
    $400 9
cows

Magdalen
    $400 25
Howard Hughes

Røb
    $600 3
Rebecca

Røb
    $600 6
(Chris: Who is Oscar?)

Cookie Monster

ChrisMagdalen
    $600 18
Hermione

Chris
    $600 21
flash

Chris
    $600 10
Denny's

Røb
    $600 26
Picasso

Chris
    $800 4
(Alex: In Gone with the Wind, and her name was [*].)

Belle Watling

Triple Stumper
    $800 7
"Rubber Duckie"

Chris
    $800 19
Colleen

Magdalen
    $800 22
truth

Røb
    $800 11
rubbernecking

Chris
    $800 27
Jimi Hendrix

Magdalen
    $1000 5
(Alex: He says it just before he's hanged, "God bless [*].")

Captain Vere

Triple Stumper
    $1000 14
Mr. Hooper

Magdalen
    $1000 20
Emma

Triple Stumper
    $1000 23
jockey

Chris
    $1000 12
Days Inn

Magdalen
    $1000 28
(Magdalen: Who is Albert Schweitzer?)

Dr. Livingstone

ChrisMagdalen

Scores at the first commercial break (after clue 15):

Chris Røb Magdalen
$1,000 $2,800 $3,000

Scores at the end of the Jeopardy! Round:

Chris Røb Magdalen
$5,800 $4,400 $3,400

Double Jeopardy! Round responses

FINLANDIA
MAKER'S MARK
BEEFEATER
TANK ARRAY
PATRON
AT THE "BAR"
    $400 24
a sauna

Chris
    $400 1
(Magdalen: [*]?--What is [*]?)

Elmer's

Magdalen
    $400 19
Stroganoff

Chris
    $400 14
World War I

Magdalen
    $400 11
Tchaikovsky

Chris
    $400 6
a barge

Chris
    $800 25
(Magdalen: [*]?)
...
(Alex: Magdalen, you forgot in the Double Jeopardy! Round that you're penalized if you don't phrase it in the form of a question.)

Norway & Sweden

RøbMagdalen
    $800 2
the Swoosh

Chris
    $800 20
T-bone

Magdalen
    $800 15
the Korean War

Chris
    $800 12
(Magdalen: What is Florence?)
(Røb: What is Vinci?)

Milan

RøbMagdalen
Triple Stumper
    $800 7
a barnacle

Chris
    $1200 26
the Lapps

Chris
    $1200 3
Levi Strauss

Chris
    $1200 21
(Magdalen: What is choice?)

prime (rib)

ChrisMagdalen
    $1200 16
(Chris: What is China?)

Japan

ChrisMagdalen
    $1,300 13
(Chris: Who is Rembrandt?)

Edvard Munch

Chris
    $1200 8
Baroque

Røb
    $1600 27
Helsinki

Chris
    $1600 4
(Chris: What is Scotts?)

Scotch

ChrisMagdalen
    $1600 22
Sauerbraten

Magdalen
    $1600 17
Iraq

Chris
    $1600 29
(Alex: Oh, yes. You couldn't say it loud enough, could you?)

the Boston Red Sox

Chris
    $1600 9
Barbados

Chris
    $2000 28
Jean Sibelius

Røb
    $2000 5
Pocket Books

Magdalen
    $2000 23
pastrami

Chris
    $2000 18
Patton

Chris
    $2000 30
Horace

Triple Stumper
    $1,020 10
(Chris: What is Barkley's?)
...
(Alex: Why the wager of $1,020?)
(Chris: I lost a $20 bill before my trip out here, and I promised my wife I'd put the extra $20 in just to find it.)

Barnes & Noble

Chris

Scores at the end of the Double Jeopardy! Round:

Chris Røb Magdalen
$18,680 $7,600 $8,600
(lock game)

[wagering suggestions for these scores]

Final Jeopardy! Round responses

MOVIES & DANCE
(Alex: There's that 20 bucks! $18,700. And now a 3-day total of $41,498. Way to go. Your wife's gonna be happy about the $20.)
RøbWhat is Fiddler on the Ro
$7,600
MagdalenWhat is The King and I?
$6,601
ChrisWhat is Zorba The Greek?
$20
Zorba the Greek

Final scores:

Chris Røb Magdalen
$18,700 $0 $1,999
3-day champion: $41,498 3rd place: $1,000 2nd place: $2,000

Game dynamics:

Coryat scores:

Chris Røb Magdalen
$21,000 $7,000 $8,600
27 R,
5 W
(including 2 DDs)
12 R
(including 1 DD),
1 W
13 R,
5 W

Combined Coryat: $36,600

[game clues] [game scores] [suggest correction]

Game tape date: 2009-09-30
The J! Archive is created by fans, for fans. Scraping, republication, monetization, and malicious use prohibited; this site may use cookies and collect identifying information. See terms. The Jeopardy! game show and all elements thereof, including but not limited to copyright and trademark thereto, are the property of Jeopardy Productions, Inc. and are protected under law. This website is not affiliated with, sponsored by, or operated by Jeopardy Productions, Inc. Join the discussion at JBoard.tv.